000 00661cam a2200181 a 4500
020 _a0813381002 (alk. paper)
020 _a0813381010 (pbk. : alk. paper)
082 0 0 _a954.91
_bBUR
_cL-NUST, P-23
100 1 _aBurki, Shahid Javed.
_92782
245 1 0 _aPakistan :
_bthe continuing search for nationhood /
_cShahid Javed Burki.
250 _a2nd ed., rev. and updated.
260 _aBoulder :
_bWestview Press ;
_aLahore :
_bPak Book Corp.,
_c1991.
300 _axi, 243 p. :
_bill. ;
_c24 cm.
526 _a0
_b0
_c0
_d954_910000000000000_BUR
650 _aNUST
_96342
856 4 2 _uhttp://www.loc.gov/catdir/enhancements/fy0832/91003738-b.html
942 _2ddc
_cBK
999 _c549703
_d549703